00655nam a2200181Ia 4500001001000000003000500010008004100015010001100056040000900067082002000076100001600096245011300112300000900225440001800234500011000252650006900362710004200431Para_8034CHAP220125s1929 xx 000 0 und d a205925 cCHAP aPA-C 595.75 H4 aBall, E. D. aA supplemental revision of the genus athysanus in North America (Homoptera, cicadellidae) /c by E. D. Ball a8 p. aHemiptera; 12 aSobertiro de: The American Entomological Society 50: 1-8, 1929. Encuadernado con otros impresos similares aHemípteros x colecciones de escritos Athysanus Cicadellidae aThe American Entomological Society 50